| 000 | 00774nam a22002057a 4500 | ||
|---|---|---|---|
| 005 | 20100806104317.0 | ||
| 010 | _aENG-98384 | ||
| 020 |
_a9789380060293 _c200.00 |
||
| 035 | _aEN-81917 | ||
| 037 | _bDBAD/PUB | ||
| 082 | _a658.3 | ||
| 100 |
_aSelvam, K. Murali. _98527 |
||
| 245 |
_aHuman resource managment / _cby K.Murali |
||
| 260 |
_aSalem _bM.S.K. Publications _c2009 |
||
| 270 |
_a3/189-E, Athanoor Amman Kovil St., Masinayaganpatti-Post, Ayyothiyappattinam _bSalem _e636 103 |
||
| 300 |
_a191p. _c20cm (pbk) |
||
| 500 | _aIncludes bibliographical references | ||
| 942 |
_2ddc _cEN _h658.3 _mSEL |
||
| 999 |
_c39612 _d39612 |
||